Úroky z omeškania podľa Obchodného zákonníka

Bibliographic Details
Main Author: Fekete, Maroš (Author)
Format: Article
Language:Slovak
ISSN:1335-4701
Subjects:

MARC

LEADER 00000nab a2200000 a 4500
001 vtls000811960
003 SK-MaSNL
005 20260303210832.0
008 140301c2002 xo 0 slo
015 |a SNBRB2002/11-34107 
035 |a CLN000163615 
040 |a SNKBUCL  |b slo  |c SNKBUCL  |e AACR2 
041 0 |a slo 
044 |a xo  |c SK 
080 |a 347.74:343.271:347.451  |2 1997 
080 |a 343.271  |2 1997 
080 |a 347.451  |2 1997 
100 1 |a Fekete, Maroš  |4 aut  |9 838504 
245 1 0 |a Úroky z omeškania podľa Obchodného zákonníka  |c Maroš Fekete 
630 0 7 |a Obchodný zákonník  |2 snkbucl  |9 293712 
650 0 7 |a úroky z omeškania  |2 snkbucl  |9 360721 
650 0 7 |a obchodné zmluvy  |2 snkbucl  |9 13907 
650 0 7 |a obchodné právo  |2 snkbucl  |9 2216 
650 0 7 |a vzťahy obchodné záväzkové  |2 snkbucl  |9 905278 
655 7 |a články z novín a časopisov  |2 snkbucl  |9 267496 
773 0 |t Hospodárske noviny  |g Roč. 10, č. 191 (3.10.2002), s. 30  |x 1335-4701 
850 |a Slovenská národná knižnica v Martine 
852 |a SNK  |b KIS3GCP 
958 |a SK 
992 |a RBX 
999 |c 2202000  |d 2203930